Loading...
| Current Events | 1 | 10.00 | 100% | 0% | 0% |
| Fine Arts - Auditory Fine Arts | 4 | 5.00 | 50% | 0% | 0% |
| Fine Arts - Other Fine Arts | 2 | 15.00 | 100% | 50% | 0% |
| Fine Arts - Visual Fine Arts | 3 | 6.67 | 67% | 0% | 0% |
| Geography | 1 | 10.00 | 100% | 0% | 0% |
| History - American History | 5 | 16.00 | 100% | 60% | 0% |
| History - European History | 4 | 17.50 | 100% | 50% | 25% |
| History - Other History | 5 | 12.00 | 80% | 20% | 20% |
| History - World History | 2 | 20.00 | 100% | 100% | 0% |
| Literature - American Literature | 3 | 10.00 | 67% | 33% | 0% |
| Literature - British Literature | 3 | 6.67 | 67% | 0% | 0% |
| Literature - European Literature | 5 | 8.00 | 80% | 0% | 0% |
| Literature - World Literature | 3 | 16.67 | 100% | 33% | 33% |
| Mythology | 4 | 22.50 | 100% | 75% | 50% |
| Other Academic | 1 | 10.00 | 100% | 0% | 0% |
| Philosophy | 4 | 5.00 | 50% | 0% | 0% |
| Pop Culture | 3 | 13.33 | 100% | 0% | 33% |
| Religion | 5 | 14.00 | 80% | 40% | 20% |
| Science - Biology | 5 | 20.00 | 100% | 80% | 20% |
| Science - Chemistry | 4 | 12.50 | 75% | 50% | 0% |
| Science - Other Science | 3 | 10.00 | 67% | 33% | 0% |
| Science - Physics | 4 | 15.00 | 100% | 50% | 0% |
| Social Science | 6 | 10.00 | 100% | 0% | 0% |